000 00608nam a22001937a 4500
999 _c124392
_d124392
005 20211021095434.0
008 211021b ||||| |||| 00| 0 eng d
020 _a9783030293529
040 _cPK-LaUMT
082 _a621.3815
_bBAS-O
100 _aBastos, Rodrigo Possamai
245 _aOn-chip current sensors for reliable, secure, and low-power integrated circuits /
_cby Rodrigo Possamai Bastos and Frank Sill Torres
260 _aCham, Switzerland :
_bSpringer,
_c2020
300 _a162 p.
650 _aSystems on a chip
650 _aIntegrated circuits
650 _aElectronics
942 _cBK